000 00800nam a2200253 i 4500
001 C2-0284159
003 PPAK
005 20180728014056.0
008 071127s2006 my |||| ||||| | may d
020 _a9836292543
040 _aPPAK
_beng
_cPPAK
_erda
082 0 4 _a297.2709595
_223
090 0 0 _a297.2709595
_bWAN
_dG
090 0 0 _a297.2709595
_bWAN
_dKMI
100 0 _aWan Mohd Nor Wan Daud,
_eauthor
245 1 0 _aMasyarakat Islam hadhari :
_bsuatu tinjauan epistemologi dan kependidikan ke arah penyatuan pemikiran bangsa
264 1 _aKuala Lumpur :
_bDewan Bahasa dan Pustaka ,
_c2006
300 _axvi, 246 pages ;
_c23 cm
336 _2rdacontent
_atext
337 _2rdamedia
_aunmediated
338 _2rdacarrier
_avolume
650 1 0 _aIslam and state - Malaysia.
942 _ddc
_cB
999 _c90146
_d90146